LEADER 01041nam a2200241 i 4500 001 000000113494 003 CaOOAMICUS 005 20190624102512.0 008 040122n it u000 u ita u 013 $a86180 040 $aSeMil$bita 245 10$a1: 1445-1484. 300 $a77 p., 151 p. di tav., [1] c. di tav. 490 0 $aBiblioteca d'arte Rizzoli ;$v32.-33 700 1 $aAlessandro : di Mariano Filipepi .$0(OLS)http://semarc/name/5246 700 1 $aSalvini, Roberto,$d<1912-1985>.$0(OLS)http://semarc/name/5247 773 0 $aAlessandro : di Mariano Filipepi $tTutta la pittura del Botticelli.$dMilano : Rizzoli, 1958.$kBiblioteca d'arte Rizzoli$w()10855 830 0$aBiblioteca d'arte Rizzoli ;$v32.-33.$0(OLS)http://semarc/title/7354 850 $aSeMil 852 $aSeMil$W1$xVenegono$y1$m5G I 6$j69180$B69180$CSeMilBibl$Z2$F78995 $81 961 $aOmaggio: Martini Card. Carlo Maria 996 $6245$a1: 1445-1484$9(OLS)http://semarc/title/165708 LEADER 01431nam a2200301 i 4500 001 000000069105 003 CaOOAMICUS 005 20170829000000.0 008 170829s1977 xx u000 u eng u 013 $a40277 020 $a0-385-04702-9 040 $aSeMil$bita 100 1 $aMoore, Carey A.,$d<1930- >.$0(OLS)http://semarc/name/90883 245 10$aDaniel, Esther and Jeremiah :$bthe additions. 260 $aGarden City, New York :$bDoubleday,$c1977. 490 0 $aThe Anchor Bible ;$v44 650 4$aBibbia. Antico Testamento. Apocrifi - Commentari, studi, critica e interpretazione.$0(OLS)http://semarc/subject/51 650 4$aBibbia - Apocrifi AT - Apocalisse di Baruc.$0(OLS)http://semarc/subject/12485 650 4$aBibbia - Apocrifi AT - Daniele.$0(OLS)http://semarc/subject/45062 650 4$aBibbia - Apocrifi AT - Ester.$0(OLS)http://semarc/subject/45063 650 4$aBibbia - Apocrifi AT - Geremia.$0(OLS)http://semarc/subject/45064 830 4$aThe Anchor Bible ;$v44.$0(OLS)http://semarc/title/472 850 $aSeMil 852 $aSeMil$W1$xVenegono$y1$mSL1.R III 12$j35258$B35258$CSeMilBibl$Z2$F35261 $8I 961 $aAcquisto: Casa editrice 996 $6020$a0-385-04702-9$9(OLS)http://semarc/number/269829 996 $6245$aDaniel, Esther and Jeremiah :$bthe additions$9(OLS)http://semarc/title/110583 996 $6260$aGarden City, New York :$bDoubleday$9(OLS)http://semarc/publisher/29803